Sobre la responsabilidad pública /

Detalles Bibliográficos
Otros Autores: Nieto, Fernando, 1984- (Editor)
Formato: Electrónico eBook
Lenguaje:español
Publicado: Ciudad de México, México : El Colegio de México, 2025.
Edición:Primera edición electrónica.
Colección:Colección Miradas múltiples para pensar a México y al mundo ; 12.
Materias:
Acceso en línea:Digitalia Hispánica

MARC

LEADER 00000nam a2200000Ii 4500
001 DIGCOLMX0603
003 NyNyDIG
006 m o d
007 cr |||||||||||
008 251202s2025 mx ob 000 0 spa d
035 |a (OCoLC)1530413811 
040 |a DGITA  |b eng  |e rda  |e pn  |c DGITA 
020 |a 9786075647241  |q electrónico 
020 |z 9786075647005  |q impreso 
043 |a n-mx--- 
050 1 4 |a JA79 ebook 
245 0 0 |a Sobre la responsabilidad pública /  |c Fernando Nieto Morales, editor. 
250 |a Primera edición electrónica. 
264 1 |a Ciudad de México, México :  |b El Colegio de México,  |c 2025. 
300 |a 1 online resource. 
336 |a text  |b txt  |2 rdacontent 
337 |a computer  |b c  |2 rdamedia 
338 |a online resource  |b cr  |2 rdacarrier 
347 |a text file  |2 rdaft 
347 |b EPUB 
490 1 |a Miradas múltiples para pensar a México y al mundo ;  |v 12 
504 |a Includes bibliographical references. 
588 0 |a Online resource; title from ePub title page (Digitalia, viewed December 2, 2025) 
650 0 |a Responsibility  |x Political aspects  |z Mexico. 
650 0 |a Democracy  |z Mexico. 
651 0 |a Mexico  |x Politics and government. 
700 1 |a Nieto, Fernando, 1984-  |e editor. 
776 0 8 |i Print version:  |t Sobre la responsabilidad pública.  |b Primera edición impresa.  |d Ciudad de México, México : El Colegio de México, 2025  |z 9786075647005 
791 2 |a Digitalia (Firm),  |e distributor. 
793 0 |g Digitalia eBook Collection:  |a El Colegio de México 
830 0 |a Colección Miradas múltiples para pensar a México y al mundo ;  |v 12. 
856 4 0 |3 Digitalia Hispánica  |u https://www.digitaliapublishing.com/a/180837/ 
910 |a Premium collection: 2025